[Event "23rd ETCC Open 2021"]
[Site "Catez"]
[Date "2021.11.20"]
[Round "8.47"]
[White "Zilka, Stepan"]
[Black "Hjartarson, Johann"]
[Result "1-0"]
[WhiteElo "2593"]
[BlackElo "2483"]
[Annotator "TA"]
[PlyCount "125"]
[EventDate "2021.11.08"]
[EventType "team-tourn"]
[EventCountry "SLO"]
[SourceTitle "playchess.com"]
[Source "ChessBase"]
[SourceQuality "1"]
[WhiteTeam "Czech Republic"]
[BlackTeam "Iceland"]
[WhiteTeamCountry "CZE"]
[BlackTeamCountry "ISL"]

{[%evp 12,125,33,34,53,53,44,41,40,33,35,33,32,31,42,20,33,25,58,0,0,0,0,0,69,
39,54,50,68,59,110,0,18,-89,-68,-76,60,8,101,114,123,95,104,110,100,0,0,-57,
-55,-71,89,-237,-252,-285,-293,-339,-338,-264,-307,-256,-13,-11,-8,-55,-42,-85,
-79,-68,0,-38,0,-56,-50,-212,-186,-537,-270,-262,-181,-203,-201,-184,-158,-158,
-185,-178,-201,-193,-179,-163,-143,-8,170,173,175,159,359,0,0,33,545,535,1965,
4778,2007,5127,5127,5127,5079,5062,4930,4930,1958,1932,1696,1543]} 1. e4 g6 2.
d4 Bg7 3. Nc3 d6 4. Be3 a6 5. Qd2 b5 6. f3 Nd7 7. h4 Ngf6 {B06: Modern Defence.
} 8. g4 h6 9. O-O-O Nb6 {White is slightly better.} 10. b3 h5 11. g5 Nfd7 12.
f4 Bb7 {[#]} 13. Bg2 $146 ({Predecessor:} 13. d5 b4 14. Nce2 a5 15. Bd4 Bxd4
16. Nxd4 O-O 17. Bg2 Nc5 18. f5 e5 19. dxe6 fxe6 20. fxg6 {1/2-1/2 (31)
Burnham,J (2076)-Moujan,P (1905) ICCF email 2019}) 13... b4 14. Nce2 c5 15. Ng3
(15. Nh3 $1 $14) 15... Qc7 $11 16. N1e2 O-O 17. f5 cxd4 (17... a5 $11) 18. Bxd4
(18. Nxd4 $5 {[%cal Rf5g6]} Nc5 19. Rhf1 $11 (19. Qxb4 Be5 $11)) 18... Bxd4 19.
Nxd4 d5 20. e5 Qxe5 21. Rh3 (21. Nge2 $16) 21... Qd6 22. Kb1 (22. Qe2 $11 {
remains equal.}) 22... e5 $17 23. Nde2 Rac8 {[#]} (23... a5 $17 24. c4 Nc5) 24.
Ne4 $1 $14 {[%cal Re4d6]} Qc6 (24... Qc7 $1 $11 25. Nf6+ Kg7) 25. Nf6+ $1 $16
Nxf6 26. gxf6 Kh7 27. Rg3 Qxf6 28. Bh3 ({White should try} 28. Rg5 $16) 28...
d4 $1 $11 ({Don't take} 28... Qxh4 29. fxg6+ fxg6 30. Bxc8 $17) ({Wrong is} 
28... gxf5 $2 29. Rg5 $18) 29. fxg6+ (29. Rdg1 $11 Be4 {[%mdl 64] Double Attack
} 30. Rxg6 Bxc2+ 31. Kb2 fxg6 32. Rxg6 Qxg6 33. fxg6+ {[%mdl 64] Discovered
Attack} Bxg6 34. Bxc8 Rxc8 35. Qxb4 Rc2+ 36. Ka3 Rxe2 37. Qxb6) 29... fxg6 $15
{aiming for ...Rc7.} 30. Bxc8 Rxc8 (30... Bxc8 $17 {and life is bright.} 31.
Qxb4 Nd5) 31. Qxb4 $2 {[%mdl 8192]} (31. Qd3 $1 $16 {is necessary to keep the
advantage.}) 31... Be4 $19 32. Rc1 Nd5 $1 {[%cal Rd5b4]} 33. Qa4 {White wants
to play Qd7+.} Rc7 34. Qa5 Qf2 35. Qxa6 Rxc2 $2 36. Rxc2 $11 Bxc2+ 37. Kb2 {
Black must now prevent Qb7+.} (37. Ka1 $5 {[%cal Ra6b7]} Qf1+ 38. Kb2 $17)
37... Be4 {[%mdl 1024] Black has compensation.} 38. Ka3 Qf8+ 39. Kb2 Qf2 40.
Ka3 Qf8+ 41. Kb2 Qe7 $36 {[%mdl 2048] Black has some pressure.} 42. Rg5 $2 ({
White should play} 42. a4 $1 $15) 42... Nb4 $1 $19 {[%cal Rb4a6]} 43. Qc8 (43.
Qa5 {is tougher.}) 43... Nd3+ 44. Ka1 Qb4 {Hoping for ...Qe1+.} 45. Rg1 Qd2 {
[%csl Gd3][%cal Rd2b2]} 46. Rb1 Nb4 $1 {[%csl Gb4][%cal Rd2a2][%mdl 64]
Discovered Attack} ({Worse is} 46... Qxe2 47. Qd7+ Kg8 48. Qe8+ Kh7 49. Qf7+
Kh8 50. Qe8+ Kh7 51. Qf7+ Kh8 52. Qe8+ Kh7 $11) 47. Qc7+ Kh6 {[%csl Gb4][%cal
Rd2a2]} 48. Qc1 Qxc1 49. Rxc1 {[%mdl 4096] Endgame KRN-KBN} d3 $1 {[%cal Rd3e2]
} 50. Ng3 Bf3 {...d2 is the strong threat.} 51. Nf1 Nc2+ (51... g5 $11 52.
hxg5+ Kxg5) 52. Kb2 $18 g5 {[#]} 53. Kc3 $1 e4 $2 (53... gxh4 $16 54. Kxd3 Nb4+
55. Ke3 Nxa2) 54. b4 $2 ({White has to play} 54. Nd2 $18) 54... gxh4 $14 55. b5
{Threatens to win with Nh2.} h3 $2 {[%mdl 8192] [#]} (55... e3 $1 $14 56. Kxd3
e2 57. Kxc2 exf1=N 58. Rxf1 Bg2 59. Rf6+ Kg5) 56. Nh2 $1 $18 {And now b6 would
win.White is clearly winning.} Nb4 57. Kxb4 d2 58. Rg1 Bg2 59. Kc3 Kg5 60. b6
e3 61. b7 d1=Q 62. Rxd1 Bxb7 63. Rd4 {Weighted Error Value: White=0.45/Black=0.
47} 1-0

[Event "23rd ETCC Open 2021"]
[Site "Catez"]
[Date "2021.11.20"]
[Round "8.48"]
[White "Kjartansson, Gudmundur"]
[Black "Plat, Vojtech"]
[Result "1/2-1/2"]
[WhiteElo "2443"]
[BlackElo "2548"]
[Annotator "ChessBase"]
[PlyCount "142"]
[EventDate "2021.11.08"]
[EventType "team-tourn"]
[EventCountry "SLO"]
[SourceTitle "playchess.com"]
[Source "ChessBase"]
[SourceQuality "1"]
[WhiteTeam "Iceland"]
[BlackTeam "Czech Republic"]
[WhiteTeamCountry "ISL"]
[BlackTeamCountry "CZE"]
[TimeControl "40/5400+30:1800+30"]

1. d4 g6 2. e4 Bg7 3. Nc3 e6 4. Nf3 Ne7 5. Bf4 a6 6. Qd2 h6 7. Bd3 d6 8. h3
Nbc6 9. Ne2 e5 10. Be3 f5 11. dxe5 dxe5 12. O-O-O Qd6 13. Qc3 Qb4 14. Qxb4 Nxb4
15. Bc4 b5 16. Bb3 fxe4 17. Nd2 Bb7 18. Nc3 Nbd5 19. Nxd5 Nxd5 20. Rhe1 Nxe3
21. fxe3 Ke7 22. c3 Rad8 23. Bc2 Bd5 24. Bxe4 Bf7 25. Nb3 Rd6 26. Nc5 a5 27. b3
a4 28. Kc2 axb3+ 29. axb3 Rhd8 30. Rd3 Bf8 31. Ra1 Kf6 32. Ra7 Rxd3 33. Nxd3
Bd6 34. Bc6 Be8 35. Bxe8 Rxe8 36. Ra5 Kf5 37. Nf2 Rb8 38. Kd3 Be7 39. Ke2 h5
40. Kf3 Bd6 41. Ne4 Ke6 42. Ra6 Rf8+ 43. Ke2 Rb8 44. c4 bxc4 45. bxc4 Kf5 46.
Kf3 h4 47. Nxd6+ cxd6 48. Rxd6 Rc8 49. e4+ Kg5 50. Rd5 Rxc4 51. Rxe5+ Kf6 52.
Ra5 Rc3+ 53. Kf4 Rg3 54. e5+ Ke7 55. Ra7+ Ke6 56. Ra6+ Ke7 57. Ra2 Ke6 58. Ke4
Ke7 59. Rb2 Ke6 60. Rc2 Ke7 61. Rb2 Ke6 62. Rd2 Rg5 63. Rd6+ Ke7 64. Kf3 Rf5+
65. Kg4 Rf2 66. Rxg6 Rxg2+ 67. Kf5 Rxg6 68. Kxg6 Ke6 69. Kg5 Kxe5 70. Kxh4 Kf6
71. Kg3 Kg5 1/2-1/2

[Event "23rd ETCC Open 2021"]
[Site "Catez"]
[Date "2021.11.20"]
[Round "8.49"]
[White "Grandelius, Nils"]
[Black "Saric, Ivan"]
[Result "1/2-1/2"]
[WhiteElo "2669"]
[BlackElo "2665"]
[Annotator "TA"]
[PlyCount "94"]
[EventDate "2021.11.08"]
[EventType "team-tourn"]
[EventCountry "SLO"]
[SourceTitle "playchess.com"]
[Source "ChessBase"]
[SourceQuality "1"]
[WhiteTeam "Sweden"]
[BlackTeam "Croatia"]
[WhiteTeamCountry "SWE"]
[BlackTeamCountry "CRO"]

{[%evp 9,94,14,33,37,21,23,23,16,23,24,22,38,52,60,64,64,71,68,95,46,47,50,83,
71,64,62,81,66,82,64,72,43,43,50,50,37,52,27,23,23,92,89,162,127,382,76,70,49,
47,45,56,36,32,50,38,12,12,12,21,8,8,0,0,0,0,0,0,0,0,0,0,0,0,0,0,0,0,0,0,0,0,0,
0,0,0,0,0]} 1. e4 c5 2. c3 Nf6 3. e5 Nd5 4. Bc4 Nb6 5. Bb3 c4 6. Bc2 {B22:
Sicilian: 2 c3.} d6 7. exd6 Qxd6 8. Na3 {White has an edge.} Nc6 9. Nf3 Qe6+
10. Kf1 {[#]} Bd7 $146 ({Predecessor:} 10... f6 11. b3 Qf7 12. Qe2 cxb3 13.
axb3 e6 14. Nc4 Nxc4 15. bxc4 Bd6 16. d4 O-O {1/2-1/2 (68) Leisner,J (2139)
-Aykent,S (2245) ICCF email 2014}) 11. b3 Ne5 12. Nxe5 cxb3 13. axb3 ({Don't
play} 13. Nxd7 bxc2 14. Nxc2 Qxd7 $11) 13... Qxe5 14. Qe2 (14. d4 {feels
hotter.} Qc7 15. c4 g6 16. h4 h5 17. Qf3) 14... Qxe2+ 15. Kxe2 e5 16. Be4 O-O-O
17. Nc4 Nxc4 18. bxc4 a6 19. Rb1 b5 20. Ra1 bxc4 21. Rxa6 f5 22. Bc6 Kc7 23.
Bxd7 Kxd7 24. Rd1 Bd6 (24... Bc5 $11) 25. d4 $16 e4 {[#]} (25... Rhe8 $16) 26.
Ra7+ $1 $18 Ke6 $2 {[%mdl 8192]} (26... Kc8 $16 27. Bg5 (27. Rxg7 Rhg8 $16)
27... Rd7 28. Ra8+ Bb8) 27. Rxg7 $2 (27. Bg5 $18) 27... Rhg8 $16 28. Rxg8 (28.
d5+ {keeps more tension.} Kf6 29. Rxg8 Rxg8 30. g3 Ra8 31. Bf4) 28... Rxg8 $14
{[%mdl 4096] Endgame KRB-KRB} 29. g3 Kd5 30. Bd2 {Threatens to win with Ra1.}
Ra8 $1 31. Rb1 Kc6 $1 32. f3 exf3+ {The position is equal.} 33. Kxf3 Ra2 34.
Be1 Rxh2 35. Bf2 h5 36. Ra1 h4 37. Ra6+ Kd7 38. gxh4 Rh3+ 39. Kg2 Rxc3 40. h5 {
[#] Strongly threatening h6.} Ra3 41. Rxa3 Bxa3 $11 {KB-KB} 42. h6 Bf8 43. h7
Bg7 44. Kf3 Ke6 45. Kf4 Bh6+ 46. Kf3 Bg7 47. Kf4 Bh6+ {Weighted Error Value:
White=0.19/Black=0.16} 1/2-1/2

[Event "23rd ETCC Open 2021"]
[Site "Catez"]
[Date "2021.11.20"]
[Round "8.50"]
[White "Brkic, Ante"]
[Black "Hillarp Persson, Tiger"]
[Result "1-0"]
[WhiteElo "2599"]
[BlackElo "2528"]
[Annotator "ChessBase"]
[PlyCount "95"]
[EventDate "2021.11.08"]
[EventType "team-tourn"]
[EventCountry "SLO"]
[SourceTitle "playchess.com"]
[Source "ChessBase"]
[SourceQuality "1"]
[WhiteTeam "Croatia"]
[BlackTeam "Sweden"]
[WhiteTeamCountry "CRO"]
[BlackTeamCountry "SWE"]
[TimeControl "40/5400+30:1800+30"]

1. e4 c5 2. Nf3 d6 3. Bb5+ Nd7 4. d4 cxd4 5. Nxd4 Ngf6 6. O-O e5 7. Nf5 a6 8.
Ba4 b5 9. Bb3 Nc5 10. Nc3 Bxf5 11. exf5 Be7 12. Bg5 O-O 13. Bxf6 Bxf6 14. Nd5
e4 15. c3 a5 16. a3 Re8 17. Bc2 Re5 18. f4 Re8 19. Qe2 a4 20. Rad1 Rb8 21. g4
h6 22. Kh1 Na6 23. Bb1 Nc7 24. Ba2 Nxd5 25. Bxd5 Rc8 26. Rg1 Rc5 27. Qe3 Bh4
28. Rg2 Qc8 29. Ba2 Qc6 30. Rgd2 Be7 31. Bd5 Qc8 32. Qxe4 Kf8 33. Qd3 Qc7 34.
Re1 Bf6 35. Rxe8+ Kxe8 36. Rg2 Kd8 37. g5 hxg5 38. fxg5 Be5 39. f6 gxf6 40.
gxf6 Bxf6 41. Rg8+ Ke7 42. Qe3+ Be5 43. Qg5+ Bf6 44. Qh5 Rxd5 45. Qxd5 Qb6 46.
Qa8 Be5 47. Re8+ Kf6 48. Qd8+ 1-0

[Event "23rd ETCC Open 2021"]
[Site "Catez"]
[Date "2021.11.20"]
[Round "8.51"]
[White "Blomqvist, Erik"]
[Black "Stevic, Hrvoje"]
[Result "1/2-1/2"]
[WhiteElo "2542"]
[BlackElo "2581"]
[Annotator "ChessBase"]
[PlyCount "67"]
[EventDate "2021.11.08"]
[EventType "team-tourn"]
[EventCountry "SLO"]
[SourceTitle "playchess.com"]
[Source "ChessBase"]
[SourceQuality "1"]
[WhiteTeam "Sweden"]
[BlackTeam "Croatia"]
[WhiteTeamCountry "SWE"]
[BlackTeamCountry "CRO"]
[TimeControl "40/5400+30:1800+30"]

1. e4 e5 2. Nf3 Nc6 3. Bb5 a6 4. Ba4 Nf6 5. O-O Nxe4 6. d4 b5 7. Bb3 d5 8. dxe5
Be6 9. c3 Be7 10. Nbd2 Nc5 11. Bc2 d4 12. Nb3 d3 13. Nxc5 dxc2 14. Qxd8+ Rxd8
15. Nxe6 fxe6 16. Be3 Rd5 17. Rfc1 Nxe5 18. Nxe5 Rxe5 19. Rxc2 Kf7 20. c4 b4
21. Rd1 Rd8 22. Rxd8 Bxd8 23. Rd2 Ke8 24. g3 Bg5 25. Bxg5 Rxg5 26. Kg2 Ra5 27.
b3 Re5 28. f4 Re3 29. Kf2 Rc3 30. Ke2 Ke7 31. Rd3 Rc2+ 32. Rd2 Rc3 33. Rd3 Rc2+
34. Rd2 1/2-1/2

[Event "23rd ETCC Open 2021"]
[Site "Catez"]
[Date "2021.11.20"]
[Round "8.52"]
[White "Martinovic, Sasa"]
[Black "Seo, Jung Min"]
[Result "1/2-1/2"]
[WhiteElo "2542"]
[BlackElo "2455"]
[Annotator "TA"]
[PlyCount "140"]
[EventDate "2021.11.08"]
[EventType "team-tourn"]
[EventCountry "SLO"]
[SourceTitle "playchess.com"]
[Source "ChessBase"]
[SourceQuality "1"]
[WhiteTeam "Croatia"]
[BlackTeam "Sweden"]
[WhiteTeamCountry "CRO"]
[BlackTeamCountry "SWE"]

{[%evp 15,140,10,17,1,19,18,18,16,21,15,37,37,77,69,73,74,51,67,53,44,60,55,61,
52,87,64,99,106,113,106,106,98,105,93,129,129,112,108,96,75,75,68,58,61,138,
123,132,77,74,67,127,130,128,158,136,161,193,191,181,181,235,221,229,227,199,
150,135,108,177,144,185,159,113,97,87,97,103,0,0,0,19,19,19,19,19,19,19,19,19,
19,19,19,104,104,104,0,0,0,0,0,0,0,0,0,0,0,0,0,0,0,0,0,0,0,0,0,0,0,0,0,0,0,0,0,
0,0,0]} 1. d4 Nf6 2. c4 e6 3. Nc3 Bb4 4. Qc2 O-O 5. Nf3 c5 6. dxc5 Na6 7. g3
Nxc5 8. Bg2 b6 9. O-O {White wants to play Nb5. E39: Nimzo-Indian: Classical:
4...c5 5 dxc5 0-0.} Bb7 (9... Bxc3 $5 10. Qxc3 Bb7 $11) 10. Nb5 {Black must
now prevent a3.} Be4 11. Qd1 Nb7 12. a3 $1 {The main line 12.a3 scores better
than 12.Bf4.} Be7 13. Bf4 a6 14. Nc3 Bc6 15. b4 $1 Rc8 16. Qd3 a5 17. Rab1 {[#]
} axb4 $146 ({Predecessor:} 17... d5 18. cxd5 Bd7 19. Nd4 e5 20. Bxe5 axb4 21.
axb4 Ng4 22. Bf4 g5 23. Nc6 Bxc6 24. dxc6 gxf4 {1-0 (32) Jarecki,M (2176)
-Owens,J (2173) ICCF email 2017}) 18. axb4 d5 19. cxd5 Nxd5 20. Nxd5 Bxd5 21.
Rfd1 Qe8 22. Ne5 Bxg2 23. Kxg2 Bd6 24. Qe4 Bxe5 25. Bxe5 Qe7 26. Ra1 {Ra7 is
the strong threat.} Rfd8 27. Rxd8+ Nxd8 28. Ra6 f6 29. Bf4 $40 {[%mdl 128]
White mounts an attack.} b5 (29... f5 $14 30. Qd3 Qxb4) 30. Rb6 $16 Qd7 31. Qd3
(31. Be3 $142) 31... Qxd3 32. exd3 {[%mdl 4096] Endgame KRB-KRN} e5 (32... Kf7
$14) 33. Be3 Nc6 34. Rxb5 Rd8 35. Rb6 Ne7 36. Bc5 Nd5 {[#]} 37. Rb7 Nc3 (37...
h5 $142 38. b5 Kh7) 38. b5 $18 Rxd3 39. b6 {aiming for Rb8+.} Na4 40. Be3 Rb3
41. g4 h6 (41... h5 $16) 42. Kf3 Rb4 43. h3 Kh7 44. h4 h5 45. gxh5 f5 46. Rc7 (
46. Bg5 $16 {Hoping for h6.} Rb3+ 47. Kg2 Rxb6 48. Re7) 46... f4 $1 $11 47. Bc5
Rb3+ (47... e4+ {feels hotter.} 48. Kxf4 Nxc5 49. Rxc5 Rxb6 50. Re5 Rb2) 48.
Kg4 Nxc5 49. Rxc5 {Strongly threatening Rc6.} Rxb6 50. Rxe5 {KR-KR} Rb2 51. f3
Rg2+ 52. Kxf4 Kh6 53. Rg5 (53. Rb5 {is more complex.} Ra2 54. Kg3 Ra1 55. Rb6+
Kxh5 56. Rb5+) 53... Rh2 {[#]} (53... Ra2 $1 $11) 54. Kg3 $1 $16 {[%cal Rg3h2]}
Rh1 55. f4 (55. Ra5 $16) 55... Rg1+ $11 {The position is equal.} 56. Kf3 (56.
Kf2 {with more complications.} Rb1 57. Ke2 Rb3 58. Rg6+ Kh7 59. f5) 56... Ra1
57. Kg4 Kh7 58. Re5 Rg1+ 59. Kf3 Rh1 60. Kg3 Rg1+ 61. Kf2 Rg4 62. Kf3 (62. Rf5
{seems wilder.} Rxh4 63. Kg3 Rh1 64. Kg2 Rh4 65. Kg3) 62... Rxh4 63. Kg3 Rh1
64. Kg4 Rg1+ 65. Kf5 Rh1 66. Ke6 (66. h6 {is interesting.} Kxh6 67. Re6+ Kh7
68. Kg5 Rg1+ 69. Kh4) 66... Kh6 67. Kf7 Rxh5 68. Rxh5+ Kxh5 69. Kxg7 {f5 would
kill now.} Kg4 70. f5 Kxf5 {Blacks defense is rewarded with a draw.  Weighted
Error Value: White=0.10/Black=0.11} 1/2-1/2

[Event "23rd ETCC Open 2021"]
[Site "Catez"]
[Date "2021.11.20"]
[Round "8.53"]
[White "Agopov, Mikael"]
[Black "Ragger, Markus"]
[Result "1/2-1/2"]
[WhiteElo "2430"]
[BlackElo "2668"]
[Annotator "TA"]
[PlyCount "109"]
[EventDate "2021.11.08"]
[EventType "team-tourn"]
[EventCountry "SLO"]
[SourceTitle "playchess.com"]
[Source "ChessBase"]
[SourceQuality "1"]
[WhiteTeam "Finland"]
[BlackTeam "Austria"]
[WhiteTeamCountry "FIN"]
[BlackTeamCountry "AUT"]

{[%evp 33,109,33,75,74,83,70,71,70,120,98,156,143,142,145,175,175,251,230,239,
241,237,237,220,145,137,133,134,131,196,192,188,167,200,181,177,181,181,158,
255,90,322,324,271,172,163,174,208,209,206,119,147,147,310,306,286,302,309,308,
304,296,247,70,70,70,68,8,8,8,8,8,8,0,0,0,8,8,8,8]} 1. e4 e5 2. Nf3 Nc6 3. Bb5
a6 4. Ba4 Nf6 5. O-O Be7 6. Re1 b5 7. Bb3 O-O 8. c3 d5 9. exd5 Nxd5 10. Nxe5
Nxe5 11. Rxe5 c6 12. d4 Bd6 13. Re1 Qh4 14. g3 Qh3 15. Be3 Bg4 16. Qd3 Rae8 17.
Nd2 f5 18. Qf1 {C89: Closed Ruy Lopez: Marshall Attack.} Qh5 19. f3 Bh3 20. Qf2
{White is better.} g5 {With the idea ...f4.} 21. f4 Kh8 ({Better is} 21... Rf6)
22. Bxd5 $16 ({But not} 22. fxg5 $2 f4 $19) 22... cxd5 {[#]} 23. fxg5 $146 ({
Predecessor:} 23. Nb3 Re4 24. Nc5 gxf4 25. Bxf4 Rxf4 26. Qxf4 Bxf4 27. Ne6 Bxg3
{0-1 (28) Dogan,U (1693)-Nazli,S (1731) Konya 2018}) 23... f4 24. Bxf4 Rxe1+ (
24... Rc8 {was necessary.} 25. Nf1 Bxf4 26. gxf4 Qg4+ 27. Qg3 Rxf4) 25. Rxe1
$18 Bxf4 26. gxf4 Qg4+ 27. Qg3 $1 {[%cal Rg3g4] Strongly threatening Qxg4.}
Rxf4 28. Qxg4 Rxg4+ {[%mdl 4096] Endgame KRB-KRN} 29. Kf2 Rg2+ 30. Ke3 Rxh2 (
30... Kg7 $16) 31. Re2 Rh1 32. Kf4 Rg1 33. Rh2 Bc8 34. Nf3 Rg4+ 35. Ke5 Kg7 (
35... Rg3 $16 {is a better defense.}) 36. Rh6 $2 (36. Kd6 $18 {and White stays
clearly on top.}) 36... Re4+ $2 (36... Rxg5+ $16 {was called for.} 37. Nxg5
Kxh6) 37. Kxd5 Re2 {Threatening ...Bb7+.} 38. Ne5 Rxb2 39. Kc5 Rxa2 40. Rc6 Bh3
41. d5 (41. g6 $1 $18 {Threatens to win with Rc7+.} Kg8 42. gxh7+ Kxh7 43. d5)
41... Rc2 $16 42. Kb6 Rd2 $2 (42... Rg2 $16) 43. d6 $1 $18 ({And not} 43. Kxa6
Rxd5 44. Rc7+ Kg8 $11) 43... Kf8 {[#]} 44. Kc7 $1 ({Weaker is} 44. Kxa6 Rd5 $11
) 44... a5 45. d7 Bxd7 46. Nxd7+ {KRN-KR} Ke7 {[#]} 47. Nf6 (47. Nc5 $1 $18)
47... b4 $1 $14 48. cxb4 axb4 49. Nxh7 (49. Rb6 $14) 49... b3 $11 {The
position is equal.} 50. Nf6 Rc2 51. Nd5+ Kf7 52. Nc3 b2 {...Rxc3! is the
strong threat.} 53. Nb1 Rxc6+ 54. Kxc6 Kg6 55. Kc5 {Blacks defense is rewarded
with a draw.  Weighted Error Value: White=0.27/Black=0.25} 1/2-1/2

[Event "23rd ETCC Open 2021"]
[Site "Catez"]
[Date "2021.11.20"]
[Round "8.54"]
[White "Dragnev, Valentin"]
[Black "Koykka, Pekka"]
[Result "1-0"]
[WhiteElo "2548"]
[BlackElo "2353"]
[Annotator "ChessBase"]
[PlyCount "67"]
[EventDate "2021.11.08"]
[EventType "team-tourn"]
[EventCountry "SLO"]
[SourceTitle "playchess.com"]
[Source "ChessBase"]
[SourceQuality "1"]
[WhiteTeam "Austria"]
[BlackTeam "Finland"]
[WhiteTeamCountry "AUT"]
[BlackTeamCountry "FIN"]
[TimeControl "40/5400+30:1800+30"]

1. e4 c6 2. Nf3 d5 3. Nc3 dxe4 4. Nxe4 Nf6 5. Qe2 Bf5 6. Nxf6+ gxf6 7. d3 Nd7
8. g3 Ne5 9. Nxe5 Qa5+ 10. Bd2 Qxe5 11. Qxe5 fxe5 12. Bg2 Bg7 13. a4 Be6 14.
O-O Bd5 15. Rae1 Bxg2 16. Kxg2 Kd7 17. Re4 f6 18. Rfe1 Rae8 19. Rg4 Reg8 20.
Rh4 h5 21. d4 Bf8 22. dxe5 Rg4 23. Rxg4 hxg4 24. Bc3 Rh6 25. Rd1+ Kc7 26. e6 f5
27. Rd7+ Kc8 28. Ba5 b6 29. Rxa7 Rxe6 30. Ra8+ Kb7 31. Rxf8 bxa5 32. Rxf5 Re2
33. Rc5 Kb6 34. Rc4 1-0

[Event "23rd ETCC Open 2021"]
[Site "Catez"]
[Date "2021.11.20"]
[Round "8.55"]
[White "Nyysti, Sampsa"]
[Black "Shengelia, David"]
[Result "1/2-1/2"]
[WhiteElo "2325"]
[BlackElo "2513"]
[Annotator "TA"]
[PlyCount "136"]
[EventDate "2021.11.08"]
[EventType "team-tourn"]
[EventCountry "SLO"]
[SourceTitle "playchess.com"]
[Source "ChessBase"]
[SourceQuality "1"]
[WhiteTeam "Finland"]
[BlackTeam "Austria"]
[WhiteTeamCountry "FIN"]
[BlackTeamCountry "AUT"]

{[%evp 15,136,21,24,19,17,15,20,14,10,12,16,6,15,10,39,38,31,33,44,30,41,43,41,
38,51,36,26,22,44,12,27,24,52,25,38,35,33,26,19,17,8,12,11,18,10,0,0,0,0,0,22,
16,54,0,0,0,0,0,0,0,0,0,0,0,0,0,0,0,6,8,8,0,0,0,0,0,0,0,0,0,0,0,14,0,0,0,0,0,0,
0,0,0,0,0,0,-5,0,0,0,-86,-69,-69,-69,-69,-8,-8,-8,-8,-8,-8,-8,-8,0,-8,-8,-8,-8,
-8,-8,-8,-8,-8,-8]} 1. e4 c6 2. d4 d5 3. Nd2 dxe4 4. Nxe4 Nd7 5. Nf3 Ngf6 6.
Nxf6+ Nxf6 7. c3 Bg4 8. Be2 e6 9. Ne5 {B17: Caro-Kann: Modern Line (4...Nd7).}
Bxe2 10. Qxe2 Be7 11. Bf4 Qd5 12. O-O O-O {[#]} 13. a4 $146 ({Predecessor:} 13.
Rfe1 Rad8 14. Rad1 Qxa2 15. Qc2 c5 16. d5 c4 17. Ra1 Qb3 18. Qxb3 cxb3 19. dxe6
fxe6 20. Rxa7 {1/2-1/2 (20) Christensen,T (2149)-Hochgraefe,M (2327) Hamburg
2013}) 13... Rad8 (13... c5 {seems wilder.} 14. Be3 Qd6 15. Rfe1 Nd5 16. Nd3
cxd4 17. Bxd4 Rfd8) 14. Rfd1 Qe4 15. Qxe4 Nxe4 16. a5 a6 17. f3 Nd6 18. Nd3 Nb5
19. Kf2 f6 20. Bg3 Kf7 21. Rac1 Rd7 22. b4 Rfd8 23. Ke2 Bf8 24. Be1 g6 25. h3
Bd6 26. Bf2 (26. f4 {with more complications.} h6 27. Bd2 Re7 28. Be3 Bb8 29.
g4) 26... e5 27. dxe5 Bxe5 28. Nxe5+ fxe5 29. Rxd7+ Rxd7 $11 {[%mdl 4096]
Endgame KRB-KRN} 30. Be3 Ke6 31. g4 e4 32. c4 exf3+ 33. Kxf3 Rf7+ 34. Ke2 ({
White should play} 34. Ke4 $14 Nc7 35. Bc5) 34... Nd6 35. Bg1 Rf4 36. Kd3 h5
37. Re1+ Kd7 $1 38. gxh5 gxh5 39. Bc5 Rh4 40. Re3 Nxc4 41. Re7+ Kd8 42. Rxb7
Ne5+ 43. Ke3 Rxh3+ 44. Ke4 Nd7 45. Bd6 Rh4+ 46. Kd3 {Black should prevent Ra7.}
Rh3+ 47. Kc2 {[#] aiming for Ra7.} Nf6 48. Ra7 {Strongly threatening Be7+.} Ne4
49. Bc7+ Kd7 50. Bb6+ Kd6 51. Rxa6 Rc3+ 52. Kb2 Rc4 53. Kb3 Rc3+ 54. Ka4 Rf3
55. Bd4 Kd5 {[#] And now ...Nd6 would win.} 56. Bb2 Rf2 57. Ba3 (57. Ka3 $11 {
keeps the balance.}) 57... h4 {White must now prevent ...h3.} (57... Rf4 {
keeps more tension.} 58. Kb3 Rf3+ 59. Kb2 Nc3 60. Kc2 h4) 58. Ra8 Kc4 $1 {
[%cal Re4c3]} 59. a6 Ra2 ({Better is} 59... Nc3+ $1 $15 60. Ka5 Rf5+ 61. Kb6
Nd5+ {[%mdl 64] Double Attack} 62. Kxc6 Rf6+ 63. Kb7 Rb6+ 64. Ka7 Kb5) 60. Rh8
{The position is equal.} Nc3+ 61. Ka5 Rxa3+ {KRN-KR} 62. Kb6 Nd5+ 63. Kb7 Kxb4
64. a7 c5 65. Rxh4+ c4 66. a8=Q Rxa8 67. Kxa8 Kb3 68. Rxc4 Kxc4 {Weighted
Error Value: White=0.08/Black=0.06} 1/2-1/2

[Event "23rd ETCC Open 2021"]
[Site "Catez"]
[Date "2021.11.20"]
[Round "8.56"]
[White "Horvath, Dominik"]
[Black "Ronka, Erik"]
[Result "1-0"]
[WhiteElo "2469"]
[BlackElo "2321"]
[Annotator "ChessBase"]
[PlyCount "59"]
[EventDate "2021.11.08"]
[EventType "team-tourn"]
[EventCountry "SLO"]
[SourceTitle "playchess.com"]
[Source "ChessBase"]
[SourceQuality "1"]
[WhiteTeam "Austria"]
[BlackTeam "Finland"]
[WhiteTeamCountry "AUT"]
[BlackTeamCountry "FIN"]
[TimeControl "40/5400+30:1800+30"]

1. e4 c5 2. Nf3 e6 3. d4 cxd4 4. Nxd4 Nf6 5. Nc3 d6 6. g4 h6 7. Rg1 Nc6 8. Be3
a6 9. h4 h5 10. gxh5 Nxh5 11. Qd2 Bd7 12. O-O-O Qc7 13. f4 Nf6 14. Nf3 b5 15.
e5 dxe5 16. fxe5 Nxe5 17. Nxe5 Qxe5 18. Bf4 Qc5 19. Ne4 Qa7 20. Bg2 Nd5 21.
Nd6+ Bxd6 22. Bxd6 Bc6 23. Bxd5 Bxd5 24. Rxg7 Qb6 25. Be5 O-O-O 26. Rxf7 Bc4
27. Rd7 Rhf8 28. Bc7 Qxc7 29. Rxc7+ Kxc7 30. Qa5+ 1-0

[Event "23rd ETCC Open 2021"]
[Site "Catez"]
[Date "2021.11.20"]
[Round "8.57"]
[White "Subelj, Jan"]
[Black "Pechac, Jergus"]
[Result "1/2-1/2"]
[WhiteElo "2458"]
[BlackElo "2562"]
[Annotator "ChessBase"]
[PlyCount "62"]
[EventDate "2021.11.08"]
[EventType "team-tourn"]
[EventCountry "SLO"]
[SourceTitle "playchess.com"]
[Source "ChessBase"]
[SourceQuality "1"]
[WhiteTeam "Slovenia"]
[BlackTeam "Slovakia"]
[WhiteTeamCountry "SLO"]
[BlackTeamCountry "SVK"]
[TimeControl "40/5400+30:1800+30"]

1. e4 e5 2. Nf3 Nc6 3. Bb5 Nge7 4. d4 Nxd4 5. Nxd4 exd4 6. Qxd4 Nc6 7. Qe3 Be7
8. O-O O-O 9. Nc3 Re8 10. Bd2 Bf6 11. Rab1 a6 12. Ba4 b5 13. Bb3 Nd4 14. Nd5
Nxb3 15. axb3 Bb7 16. Qd3 Bxd5 17. exd5 Be5 18. c3 Qf6 19. b4 c6 20. Be3 a5 21.
bxa5 Rxa5 22. Rbd1 Qg6 23. dxc6 Qxd3 24. Rxd3 dxc6 25. Rfd1 h6 26. g3 Ra2 27.
R1d2 b4 28. cxb4 Rxb2 29. Rxb2 Bxb2 30. b5 cxb5 31. Rb3 Bf6 1/2-1/2